[Event "Estonian-ch Open 2020"]
[Site "Paul Kerese Malemaja"]
[Date "2020.08.10"]
[Round "3.1"]
[White "Shishkov, Andrei"]
[Black "Volodin, Aleksandr"]
[Result "1-0"]
[WhiteElo "2390"]
[BlackElo "2497"]
[Annotator "ChessBase"]
[PlyCount "95"]
[EventDate "2020.08.09"]
[EventCountry "EST"]
[SourceTitle "playchess.com"]
[Source "ChessBase"]
[SourceQuality "1"]
[TimeControl "40/5400+30:900+30"]

1. d4 {[%emt 0:00:00]} Nf6 {[%emt 0:00:00]} 2. c4 {[%emt 0:00:00]} e6 {[%emt 0:00:00]} 3. Nc3 {[%emt 0:00:00]} Bb4 {[%emt 0:00:00]} 4. Qc2 {[%emt 0:00:00]} d5 {[%emt 0:00:00]} 5. cxd5 {[%emt 0:00:06]} exd5 {[%emt 0:00:00]} 6. Bg5 {[%emt 0:00:33]} c5 {[%emt 0:00:08]} 7. dxc5 {[%emt 0:01:32]} h6 {[%emt 0:00:07]} 8. Bh4 {[%emt 0:03:44]} O-O {[%emt 0:00:16]} 9. e3 {[%emt 0:02:52]} Be6 {[%emt 0:00:09]} 10. Nf3 {[%emt 0:03:19]} Nbd7 {[%emt 0:00:07]} 11. c6 {[%emt 0:04:19]} bxc6 {[%emt 0:00:52]} 12. Be2 {[%emt 0:00:31]} c5 {[%emt 0:16:20]} 13. O-O {[%emt 0:00:43]} Rc8 {[%emt 0:13:38]} 14. Rfd1 {[%emt 0:03:18]} Qa5 {[%emt 0:01:15]} 15. Nb5 {[%emt 0:15:08]} Qb6 {[%emt 0:11:21]} 16. Rac1 {[%emt 0:25:34]} a6 {[%emt 0:06:33]} 17. Nc3 {[%emt 0:00:22]} Qa7 {[%emt 0:10:16]} 18. Qa4 {[%emt 0:02:59]} Ra8 {[%emt 0:01:05]} 19. Nb1 {[%emt 0:09:20]} Nb6 {[%emt 0:02:51]} 20. Qc2 {[%emt 0:00:22]} Nfd7 {[%emt 0:05:46]} 21. a3 {[%emt 0:01:05]} Ba5 {[%emt 0:00:05]} 22. b4 {[%emt 0:08:07]} cxb4 {[%emt 0:00:12]} 23. Nd4 {[%emt 0:03:25]} Rac8 {[%emt 0:11:10]} 24. Qd2 {[%emt 0:00:25]} Nc4 {[%emt 0:04:12]} 25. Bxc4 {[%emt 0:01:03]} dxc4 {[%emt 0:00:07]} 26. Nxe6 {[%emt 0:03:14]} fxe6 {[%emt 0:00:09]} 27. Qxd7 {[%emt 0:05:54]} Qxd7 {[%emt 0:00:05]} 28. Rxd7 {[%emt 0:00:00]} b3 {[%emt 0:00:08]} 29. Rb7 {[%emt 0:01:23]} c3 {[%emt 0:02:36]} 30. Rxb3 {[%emt 0:03:13]} c2 {[%emt 0:00:01]} 31. Kf1 {[%emt 0:00:55]} Rc4 {[%emt 0:09:06]} 32. Be7 {[%emt 0:00:27]} Rfc8 {[%emt 0:01:22]} 33. Ke2 {[%emt 0:00:43]} cxb1=Q {[%emt 0:00:16]} 34. Rcxb1 {[%emt 0:00:07]} Rc2+ {[%emt 0:00:36]} 35. Kf3 {[%emt 0:00:17]} Kf7 {[%emt 0:04:26]} 36. Rb7 {[%emt 0:00:23]} Kg6 {[%emt 0:00:53]} 37. Ra7 {[%emt 0:00:46]} R2c6 {[%emt 0:00:36]} 38. Rbb7 {[%emt 0:00:52]} Bc3 {[%emt 0:00:25]} 39. Bb4 {[%emt 0:00:30]} Bf6 {[%emt 0:00:27]} 40. g4 {[%emt 0:00:00]} h5 {[%emt 0:00:00]} 41. h3 {[%emt 0:06:52]} hxg4+ {[%emt 0:00:57]} 42. hxg4 {[%emt 0:00:05]} Be5 {[%emt 0:01:01]} 43. Ke4 {[%emt 0:00:50]} Bf6 {[%emt 0:02:27]} 44. f4 {[%emt 0:00:13]} Rc4+ {[%emt 0:00:27]} 45. Kf3 {[%emt 0:00:41]} R4c6 {[%emt 0:01:38]} 46. g5 {[%emt 0:01:23]} Bb2 {[%emt 0:00:28]} 47. Kg4 {[%emt 0:00:40]} Rd8 {[%emt 0:00:24]} 48. Ba5 {[%emt 0:03:05]} 1-0

[Event "Estonian-ch Open 2020"]
[Site "Paul Kerese Malemaja"]
[Date "2020.08.10"]
[Round "3.2"]
[White "Seeman, Tarvo"]
[Black "Haitin, Ilja"]
[Result "1-0"]
[WhiteElo "2415"]
[BlackElo "2357"]
[Annotator "ChessBase"]
[PlyCount "75"]
[EventDate "2020.08.09"]
[EventCountry "EST"]
[SourceTitle "playchess.com"]
[Source "ChessBase"]
[SourceQuality "1"]
[TimeControl "40/5400+30:900+30"]

1. Nf3 {[%emt 0:00:00]} Nf6 {[%emt 0:00:00]} 2. g3 {[%emt 0:00:00]} g6 {[%emt 0:00:00]} 3. Bg2 {[%emt 0:00:00]} Bg7 {[%emt 0:00:00]} 4. O-O {[%emt 0:00:00]} O-O {[%emt 0:00:00]} 5. d4 {[%emt 0:00:00]} d6 {[%emt 0:00:00]} 6. a4 {[%emt 0:01:58]} c6 {[%emt 0:00:32]} 7. a5 {[%emt 0:00:43]} Nbd7 {[%emt 0:00:21]} 8. Nbd2 {[%emt 0:01:21]} Qc7 {[%emt 0:03:00]} 9. e4 {[%emt 0:04:05]} e5 {[%emt 0:02:19]} 10. dxe5 {[%emt 0:01:01]} dxe5 {[%emt 0:00:43]} 11. Re1 {[%emt 0:00:25]} Nc5 {[%emt 0:03:46]} 12. b4 {[%emt 0:01:03]} Ne6 {[%emt 0:05:40]} 13. Bb2 {[%emt 0:00:13]} Nh5 {[%emt 0:02:34]} 14. Nc4 {[%emt 0:07:05]} Rd8 {[%emt 0:05:01]} 15. Qe2 {[%emt 0:03:42]} Nd4 {[%emt 0:02:39]} 16. Nxd4 {[%emt 0:00:42]} exd4 {[%emt 0:00:05]} 17. e5 {[%emt 0:00:45]} Be6 {[%emt 0:06:28]} 18. Nd6 {[%emt 0:02:47]} Rxd6 {[%emt 0:05:08]} 19. exd6 {[%emt 0:00:08]} Qxd6 {[%emt 0:00:13]} 20. b5 {[%emt 0:10:48]} a6 {[%emt 0:07:18]} 21. bxc6 {[%emt 0:04:45]} bxc6 {[%emt 0:00:19]} 22. Ba3 {[%emt 0:08:08]} Qd7 {[%emt 0:07:49]} 23. Rab1 {[%emt 0:01:19]} Nf6 {[%emt 0:09:14]} 24. Rb6 {[%emt 0:01:58]} Nd5 {[%emt 0:13:52]} 25. Rxa6 {[%emt 0:04:03]} Rb8 {[%emt 0:00:49]} 26. Bc5 {[%emt 0:00:23]} h5 {[%emt 0:00:24]} 27. Ra7 {[%emt 0:03:33]} Qd8 {[%emt 0:01:28]} 28. Qd2 {[%emt 0:05:01]} Nc3 {[%emt 0:10:31]} 29. Rxe6 {[%emt 0:02:08]} fxe6 {[%emt 0:05:10]} 30. Rxg7+ {[%emt 0:00:20]} Kxg7 {[%emt 0:00:45]} 31. Bxd4+ {[%emt 0:00:25]} Kf7 {[%emt 0:03:08]} 32. Bxc3 {[%emt 0:00:34]} Rb1+ {[%emt 0:00:20]} 33. Bf1 {[%emt 0:00:07]} Qd5 {[%emt 0:01:17]} 34. Qxd5 {[%emt 0:01:32]} exd5 {[%emt 0:00:32]} 35. a6 {[%emt 0:00:09]} Rb8 {[%emt 0:00:40]} 36. a7 {[%emt 0:01:00]} Ra8 {[%emt 0:00:17]} 37. Bd4 {[%emt 0:00:08]} Ke6 {[%emt 0:00:18]} 38. Ba6 {[%emt 0:00:21]} 1-0

[Event "Estonian-ch Open 2020"]
[Site "Paul Kerese Malemaja"]
[Date "2020.08.10"]
[Round "3.3"]
[White "Chukavin, Kirill"]
[Black "Vorobjov, Pavel"]
[Result "1/2-1/2"]
[WhiteElo "2348"]
[BlackElo "2269"]
[Annotator "ChessBase"]
[PlyCount "20"]
[EventDate "2020.08.09"]
[EventCountry "EST"]
[SourceTitle "playchess.com"]
[Source "ChessBase"]
[SourceQuality "1"]
[TimeControl "40/5400+30:900+30"]

1. e4 {[%emt 0:00:41]} c5 {[%emt 0:00:00]} 2. Nf3 {[%emt 0:00:57]} e6 {[%emt 0:00:00]} 3. g3 {[%emt 0:05:15]} Nc6 {[%emt 0:02:18]} 4. Bg2 {[%emt 0:00:12]} Nf6 {[%emt 0:00:23]} 5. Nc3 {[%emt 0:00:59]} d5 {[%emt 0:00:55]} 6. exd5 {[%emt 0:01:35]} Nxd5 {[%emt 0:00:39]} 7. Nxd5 {[%emt 0:01:39]} Qxd5 {[%emt 0:00:47]} 8. O-O {[%emt 0:01:03]} Be7 {[%emt 0:02:45]} 9. Qe2 {[%emt 0:14:28]} O-O {[%emt 0:03:06]} 10. c3 {[%emt 0:22:29]} Rd8 {[%emt 0:05:59]} 1/2-1/2

[Event "Estonian-ch Open 2020"]
[Site "Paul Kerese Malemaja"]
[Date "2020.08.10"]
[Round "3.5"]
[White "Kiik, Kalle"]
[Black "Kulaots, Kaido"]
[Result "0-1"]
[WhiteElo "2386"]
[BlackElo "2524"]
[Annotator "ChessBase"]
[PlyCount "64"]
[EventDate "2020.08.09"]
[EventCountry "EST"]
[SourceTitle "playchess.com"]
[Source "ChessBase"]
[SourceQuality "1"]
[TimeControl "40/5400+30:900+30"]

1. e4 {[%emt 0:00:00]} c5 {[%emt 0:00:00]} 2. Nf3 {[%emt 0:00:00]} Nc6 {[%emt 0:02:55]} 3. Bb5 {[%emt 0:00:46]} e6 {[%emt 0:01:39]} 4. O-O {[%emt 0:06:35]} Nge7 {[%emt 0:00:14]} 5. b3 {[%emt 0:02:33]} a6 {[%emt 0:03:12]} 6. Bxc6 {[%emt 0:01:58]} Nxc6 {[%emt 0:00:05]} 7. Bb2 {[%emt 0:00:21]} b5 {[%emt 0:07:01]} 8. a4 {[%emt 0:03:42]} b4 {[%emt 0:03:07]} 9. d3 {[%emt 0:01:25]} d6 {[%emt 0:02:39]} 10. d4 {[%emt 0:03:54]} cxd4 {[%emt 0:02:19]} 11. Nxd4 {[%emt 0:00:16]} Nxd4 {[%emt 0:01:54]} 12. Qxd4 {[%emt 0:00:34]} a5 {[%emt 0:00:49]} 13. c4 {[%emt 0:01:05]} e5 {[%emt 0:04:45]} 14. Qd3 {[%emt 0:01:54]} Be7 {[%emt 0:00:12]} 15. f4 {[%emt 0:03:35]} O-O {[%emt 0:02:13]} 16. f5 {[%emt 0:04:47]} g6 {[%emt 0:14:16]} 17. Nd2 {[%emt 0:04:30]} gxf5 {[%emt 0:03:33]} 18. exf5 {[%emt 0:00:50]} Bb7 {[%emt 0:02:19]} 19. c5 {[%emt 0:15:48]} f6 {[%emt 0:01:58]} 20. Nc4 {[%emt 0:04:53]} d5 {[%emt 0:03:57]} 21. c6 {[%emt 0:05:39]} Bxc6 {[%emt 0:04:28]} 22. Nxe5 {[%emt 0:06:31]} fxe5 {[%emt 0:02:09]} 23. Qg3+ {[%emt 0:00:37]} Kh8 {[%emt 0:01:01]} 24. f6 {[%emt 0:02:43]} Bc5+ {[%emt 0:02:04]} 25. Kh1 {[%emt 0:00:05]} Rf7 {[%emt 0:00:11]} 26. Bxe5 {[%emt 0:03:37]} Qd7 {[%emt 0:05:56]} 27. Qd3 {[%emt 0:09:24]} d4 {[%emt 0:02:23]} 28. Rf5 {[%emt 0:00:34]} Rg8 {[%emt 0:05:34]} 29. Rg1 {[%emt 0:01:48]} Qb7 {[%emt 0:00:36]} 30. Rf2 {[%emt 0:04:19]} Be4 {[%emt 0:00:34]} 31. Qc4 {[%emt 0:00:15]} Ba7 {[%emt 0:04:11]} 32. Bxd4 {[%emt 0:00:59]} Rc8 {[%emt 0:00:32]} 0-1

[Event "Estonian-ch Open 2020"]
[Site "Paul Kerese Malemaja"]
[Date "2020.08.11"]
[Round "4.1"]
[White "Volodin, Aleksandr"]
[Black "Kulaots, Kaido"]
[Result "1-0"]
[WhiteElo "2497"]
[BlackElo "2524"]
[Annotator "TA"]
[PlyCount "89"]
[EventDate "2020.08.09"]
[EventCountry "EST"]
[SourceTitle "playchess.com"]
[Source "ChessBase"]
[SourceQuality "1"]

{[%evp 9,89,12,18,20,19,16,29,0,18,14,0,-23,0,0,0,0,9,0,15,10,49,64,83,62,69,73,100,58,79,70,67,74,98,80,84,64,76,52,85,27,80,34,38,37,41,41,53,54,227,219,250,249,251,242,267,237,255,223,272,281,379,379,450,469,451,392,997,766,732,731,874,863,909,895,1070,1070,1071,1062,1061,1057,982,960]} 1. d4 Nf6 2. c4 g6 3. g3 c6 4. Bg2 d5 5. b3 Bg7 6. Nf3 {D71: Fianchetto Grünfeld: 3 g3 d5 sidelines and 5 cxd5 (without Nf3).} dxc4 7. bxc4 c5 8. Bb2 {White has an edge.} Qb6 9. Qc1 cxd4 10. Nxd4 Bd7 11. O-O Nc6 12. e3 Rc8 13. Nd2 O-O 14. Bc3 {[#]} Na5 $146 ({Predecessor:} 14... Nxd4 15. exd4 Bf5 16. Qa3 Bd3 17. Rfe1 Bxc4 18. Nxc4 Rxc4 19. Rab1 Qa6 20. Qxa6 bxa6 {½-½ (36) Mamedyarov,S (2814)-Radjabov,T (2748) Shamkir 2018}) 15. Rb1 Qa6 16. Bxa5 Qxa5 17. Rxb7 e5 18. N4b3 Qa6 19. Qb2 Be6 20. Rc1 (20. Qxe5 Nd5 $11) 20... Rfd8 {[%cal Re6c4]} 21. Rb4 (21. Qxe5 $2 Nd5 $19) 21... Rc7 22. Bf1 (22. Qxe5 Nd5 $17) 22... Qc8 23. c5 Bd5 24. e4 ({Much weaker is} 24. Qxe5 Ne4 $11) (24. Bg2 $16) 24... Bc6 (24... Be6 $11) 25. Bg2 Bh6 {[#] Strongly threatening ...a5!} 26. Rc2 Qe6 27. Na5 Rcd7 {[%cal Rh6d2]} 28. Nf1 ({Not} 28. Nxc6 $2 Rxd2 29. Rb8 (29. Nxd8 $2 {gets mated.} Rd1+ 30. Bf1 Qh3 31. Qxe5 Rxf1#) 29... Rd1+ 30. Bf1 Qxc6 $19) 28... Ba8 $2 {This move loses the game for Black.} (28... Rc7 $14) 29. Rb8 $18 Qe8 30. Rxd8 Rxd8 31. c6 Rc8 32. Qb5 Rc7 33. h3 Kg7 34. Nh2 Qd8 {[#] And now ...Qd1+ would win.} 35. Qxe5 {aiming for Ng4.} Qd1+ 36. Nf1 Rc8 37. Qc3 Rd8 $2 (37... Kg8 38. Nb7 Ne8) 38. c7 {White is clearly winning.} Rc8 39. Kh2 Qb1 40. Nb3 Qd1 41. Nbd2 Bb7 42. Bf3 Qe1 43. Kg2 Ba6 44. Qd4 Bb5 45. a4 {Accuracy: White = 91%, Black = 58%.} 1-0

[Event "Estonian-ch Open 2020"]
[Site "Paul Kerese Malemaja"]
[Date "2020.08.11"]
[Round "4.2"]
[White "Kanep, Meelis"]
[Black "Kiik, Kalle"]
[Result "0-1"]
[WhiteElo "2465"]
[BlackElo "2386"]
[Annotator "TA"]
[PlyCount "140"]
[EventDate "2020.08.09"]
[EventCountry "EST"]
[SourceTitle "playchess.com"]
[Source "ChessBase"]
[SourceQuality "1"]

{[%evp 9,140,40,46,45,42,33,45,51,54,55,68,28,31,29,26,14,70,79,70,38,30,-12,16,16,167,175,154,72,196,103,61,12,28,29,15,0,0,-29,-22,-131,-96,-316,-332,-455,-448,-784,-772,-719,19,30,97,-7,-7,-11,-14,-6,0,-90,-81,-119,-90,-81,-31,-31,-26,-37,-18,-17,-17,-17,-17,-17,-17,-10,-14,-10,-13,-13,-10,-19,-8,-12,-12,-12,0,-28,-18,-24,-24,-29,0,-29,-25,-102,-94,-143,-105,-179,-129,-150,-150,-286,-270,-1081,-1142,-949,-607,-600,-600,-600,-592,-863,-843,-801,-584,-29969,-29970,-29970,-29971,-29971,-29971,-29971,-29972,-29972,-29973,-29973,-29974,-29972,-6705,-29978,-29979,-29982,-29983]} 1. d4 d5 2. c4 c5 3. cxd5 Qxd5 4. Nf3 cxd4 5. Nc3 Qa5 6. Nxd4 {D06: Queen's Gambit: Symmetrical and Baltic Defences.} Nf6 7. Nb3 Qh5 8. f3 {White is slightly better.} Nc6 9. e4 e5 {[#]} 10. h4 $146 ({Predecessor:} 10. Be3 Bb4 11. Bb5 O-O 12. Bxc6 bxc6 13. O-O Be6 14. Na4 Bc4 15. Rf2 Rfd8 16. Qc1 {0-1 (40) Srvatka,I (2164)-Kalisky,V (2203) Slovakia 2018}) 10... Qg6 {Black wants to play ...Qg3+.} 11. g4 {[#] Strongly threatening h5.} h5 {[%cal Rh5g4]} 12. g5 Nd7 (12... Be6 $11) 13. Nd5 Bd6 14. Be3 (14. Nf6+ $5 gxf6 15. Qxd6 $14) 14... O-O 15. Rh2 Kh8 (15... Nb6 $5) 16. Rd2 Nd4 $2 (16... f5 $11) 17. Nxd4 $18 exd4 18. Bxd4 (18. Rxd4 $142 f5 19. exf5 Qxf5 20. f4) 18... Ne5 (18... Nb6 $16) 19. Bc3 ({White should play} 19. Nf4 $18 Qh7 20. Bc3) 19... Nc6 $16 20. Rg2 Bh3 21. Rg1 Be6 $1 22. Qd2 Bxd5 $1 23. exd5 Rfe8+ 24. Be2 (24. Kd1 $11 Ne5 25. Qc2) 24... Bc5 $17 {[%mdl 1024] Black has strong compensation.} 25. Rg2 $2 (25. Kf1 $17 {was the only defense.} Bxg1 26. Kxg1) 25... Rad8 $19 26. b4 Bb6 27. Kf1 (27. Rd1 $142 Ne7 28. d6) 27... Qf5 28. g6 Be3 $2 ({Black should try} 28... f6 $19 29. Qe1 Rxd5) 29. Qd3 $1 $36 {[%cal Rd3f5][%mdl 2048] White is more active.} ({Not} 29. Qb2 $2 f6 $19) 29... Rxd5 (29... Qh3 $11 30. Bxg7+ Kxg7 31. gxf7+ Kf8) 30. gxf7 ({White has to play} 30. Qxf5 $16 {Threatening mate with Bxg7+!} Rxf5 31. gxf7 Rxf7 32. Rd1) 30... Qxf7 31. Qg6 Qxg6 32. Rxg6 Bd4 33. Bxd4 (33. Rd1 $11 Red8 34. Bc4) 33... Nxd4 $17 34. Bd1 Nf5 35. Bb3 Rd3 36. Rg5 $1 {[%cal Rg5f5]} Rxf3+ 37. Kg1 Rg3+ 38. Rxg3 Nxg3 $11 {[%mdl 4096] Endgame KRB-KRN} 39. Rd1 $1 Nf5 40. Rd7 Re7 41. Rd8+ Kh7 42. Bc2 g6 43. Bxf5 gxf5 {KR-KR} 44. Kf2 Kg7 45. Kf3 Kf6 46. Rf8+ Ke5 47. Ke3 Rg7 {aiming for ...Rg3+.} 48. Re8+ Kd5 {Threatens to win with ...Rg4.} 49. Rf8 Ke5 {And now ...Rg3+ would win.} 50. Re8+ Kd6 {...Rg4 is the strong threat.} 51. Rf8 (51. Rd8+ $11 {keeps the balance.} Ke6 52. Re8+ Kd6 53. Rb8) 51... Rg3+ 52. Kd2 Rg4 53. Kc3 (53. Rxf5 $17 {is a better defense.} Rxh4 54. Ra5) 53... Ke6 54. Re8+ Kd5 55. Rd8+ {[#]} (55. Re7 $17) 55... Ke4 $1 $19 56. Re8+ $2 (56. Rd7 f4 57. Rxb7) 56... Kf3 57. Re7 b5 58. Re5 f4 59. Rxh5 Kg3 60. Kd3 f3 61. Ke3 Rg8 62. Rh7 Re8+ 63. Kd2 f2 64. Rg7+ Kxh4 65. Rf7 Kg3 66. Rg7+ Kh2 67. Rh7+ Kg2 68. Rg7+ Kf1 69. Rxa7 Rd8+ 70. Kc2 Rf8 {What a fight! Accuracy: White = 46%, Black = 70%.} 0-1

[Event "Estonian-ch Open 2020"]
[Site "Paul Kerese Malemaja"]
[Date "2020.08.11"]
[Round "4.3"]
[White "Vorobjov, Pavel"]
[Black "Sepp, Olav"]
[Result "1/2-1/2"]
[WhiteElo "2269"]
[BlackElo "2410"]
[Annotator "ChessBase"]
[PlyCount "79"]
[EventDate "2020.08.09"]
[EventCountry "EST"]
[SourceTitle "playchess.com"]
[Source "ChessBase"]
[SourceQuality "1"]
[TimeControl "40/5400+30:900+30"]

1. e4 {[%emt 0:00:00]} e5 {[%emt 0:01:06]} 2. Nf3 {[%emt 0:00:00]} Nc6 {[%emt 0:00:10]} 3. d4 {[%emt 0:00:00]} exd4 {[%emt 0:00:11]} 4. Nxd4 {[%emt 0:00:01]} Nf6 {[%emt 0:00:07]} 5. Nc3 {[%emt 0:00:10]} Bb4 {[%emt 0:00:05]} 6. Nxc6 {[%emt 0:00:14]} bxc6 {[%emt 0:00:05]} 7. Bd3 {[%emt 0:00:15]} O-O {[%emt 0:00:07]} 8. O-O {[%emt 0:00:13]} Re8 {[%emt 0:00:23]} 9. Qf3 {[%emt 0:07:20]} Rb8 {[%emt 0:04:15]} 10. Bg5 {[%emt 0:01:35]} Bd6 {[%emt 0:00:49]} 11. Bxf6 {[%emt 0:11:59]} Qxf6 {[%emt 0:00:11]} 12. Qxf6 {[%emt 0:00:07]} gxf6 {[%emt 0:00:03]} 13. Rab1 {[%emt 0:01:16]} Be5 {[%emt 0:04:17]} 14. Rfd1 {[%emt 0:11:08]} d6 {[%emt 0:03:43]} 15. Na4 {[%emt 0:02:19]} c5 {[%emt 0:07:40]} 16. b3 {[%emt 0:01:04]} Bb7 {[%emt 0:29:03]} 17. f3 {[%emt 0:05:50]} a5 {[%emt 0:00:54]} 18. Bc4 {[%emt 0:05:59]} Rbd8 {[%emt 0:05:03]} 19. Kh1 {[%emt 0:16:37]} h5 {[%emt 0:03:25]} 20. Bb5 {[%emt 0:01:25]} Rf8 {[%emt 0:01:18]} 21. Rf1 {[%emt 0:02:59]} Bf4 {[%emt 0:08:25]} 22. Rbd1 {[%emt 0:00:41]} h4 {[%emt 0:01:16]} 23. g3 {[%emt 0:00:46]} hxg3 {[%emt 0:01:30]} 24. hxg3 {[%emt 0:00:16]} Bh6 {[%emt 0:02:43]} 25. Kg2 {[%emt 0:01:16]} Kg7 {[%emt 0:00:45]} 26. Rfe1 {[%emt 0:03:59]} Rh8 {[%emt 0:03:05]} 27. Bd3 {[%emt 0:04:16]} Rdg8 {[%emt 0:00:33]} 28. Nc3 {[%emt 0:03:06]} Kf8 {[%emt 0:01:04]} 29. Kf2 {[%emt 0:00:41]} Bg7 {[%emt 0:02:38]} 30. Rh1 {[%emt 0:06:09]} f5 {[%emt 0:00:18]} 31. Nb5 {[%emt 0:00:41]} Rxh1 {[%emt 0:02:19]} 32. Rxh1 {[%emt 0:00:06]} fxe4 {[%emt 0:02:26]} 33. Bxe4 {[%emt 0:02:12]} d5 {[%emt 0:07:58]} 34. Bd3 {[%emt 0:03:53]} Bc6 {[%emt 0:07:58]} 35. Re1 {[%emt 0:01:00]} Bxb5 {[%emt 0:00:54]} 36. Bxb5 {[%emt 0:00:04]} Bd4+ {[%emt 0:00:11]} 37. Kg2 {[%emt 0:00:15]} Rg6 {[%emt 0:00:31]} 38. Re8+ {[%emt 0:02:07]} Kg7 {[%emt 0:00:01]} 39. Re7 {[%emt 0:00:59]} c6 {[%emt 0:00:51]} 40. Bd3 {[%emt 0:00:00]} 1/2-1/2

[Event "Estonian-ch Open 2020"]
[Site "Paul Kerese Malemaja"]
[Date "2020.08.11"]
[Round "4.4"]
[White "Haitin, Ilja"]
[Black "Chukavin, Kirill"]
[Result "0-1"]
[WhiteElo "2357"]
[BlackElo "2348"]
[Annotator "ChessBase"]
[PlyCount "58"]
[EventDate "2020.08.09"]
[EventCountry "EST"]
[SourceTitle "playchess.com"]
[Source "ChessBase"]
[SourceQuality "1"]
[TimeControl "40/5400+30:900+30"]

1. d4 {[%emt 0:00:00]} d5 {[%emt 0:00:00]} 2. Bf4 {[%emt 0:00:00]} c5 {[%emt 0:00:22]} 3. e3 {[%emt 0:00:34]} Nc6 {[%emt 0:00:16]} 4. c3 {[%emt 0:00:47]} Bf5 {[%emt 0:00:13]} 5. Qb3 {[%emt 0:03:20]} Qd7 {[%emt 0:00:47]} 6. Nf3 {[%emt 0:04:46]} e6 {[%emt 0:02:21]} 7. dxc5 {[%emt 0:10:34]} Bxc5 {[%emt 0:09:26]} 8. Ne5 {[%emt 0:32:15]} Qc8 {[%emt 0:01:00]} 9. Nd2 {[%emt 0:08:06]} Nf6 {[%emt 0:20:10]} 10. g4 {[%emt 0:05:51]} Nxg4 {[%emt 0:08:48]} 11. Nxg4 {[%emt 0:03:24]} Bxg4 {[%emt 0:00:09]} 12. Rg1 {[%emt 0:01:56]} Bf5 {[%emt 0:04:07]} 13. e4 {[%emt 0:05:37]} dxe4 {[%emt 0:10:28]} 14. Rxg7 {[%emt 0:01:56]} Bg6 {[%emt 0:06:06]} 15. Nc4 {[%emt 0:01:53]} e5 {[%emt 0:08:30]} 16. Qb5 {[%emt 0:13:05]} exf4 {[%emt 0:03:07]} 17. Qxc5 {[%emt 0:00:24]} Qe6 {[%emt 0:00:19]} 18. O-O-O {[%emt 0:03:47]} Qe7 {[%emt 0:00:18]} 19. Nd6+ Kf8 {[%emt 0:00:07]} 20. Rxg6 {[%emt 0:01:11]} hxg6 {[%emt 0:00:09]} 21. Bc4 {[%emt 0:00:32]} Rh5 {[%emt 0:03:12]} 22. Qa3 {[%emt 0:00:26]} Rd8 {[%emt 0:00:38]} 23. Nxe4 {[%emt 0:00:35]} Rxd1+ {[%emt 0:00:22]} 24. Kxd1 {[%emt 0:00:06]} Qxa3 {[%emt 0:00:13]} 25. bxa3 {[%emt 0:00:01]} Rxh2 {[%emt 0:00:13]} 26. Ke2 {[%emt 0:00:11]} Ke7 {[%emt 0:00:22]} 27. Bd5 {[%emt 0:00:17]} f5 {[%emt 0:00:48]} 28. Ng5 {[%emt 0:00:32]} Kf6 {[%emt 0:00:19]} 29. Ne6 {[%emt 0:00:19]} Ke5 {[%emt 0:01:14]} 0-1

[Event "Estonian-ch Open 2020"]
[Site "Paul Kerese Malemaja"]
[Date "2020.08.11"]
[Round "4.5"]
[White "Shishkov, Andrei"]
[Black "Seeman, Tarvo"]
[Result "0-1"]
[WhiteElo "2390"]
[BlackElo "2415"]
[Annotator "ChessBase"]
[PlyCount "77"]
[EventDate "2020.08.09"]
[EventCountry "EST"]
[SourceTitle "playchess.com"]
[Source "ChessBase"]
[SourceQuality "1"]
[TimeControl "40/5400+30:900+30"]

1. d4 {[%emt 0:00:00]} Nf6 {[%emt 0:00:00]} 2. c4 {[%emt 0:00:00]} g6 {[%emt 0:00:00]} 3. f3 {[%emt 0:00:00]} c5 {[%emt 0:01:56]} 4. d5 {[%emt 0:00:00]} Bg7 {[%emt 0:00:06]} 5. e4 {[%emt 0:00:00]} d6 {[%emt 0:00:05]} 6. Ne2 {[%emt 0:00:04]} O-O {[%emt 0:02:03]} 7. Nec3 {[%emt 0:00:44]} e5 {[%emt 0:02:18]} 8. g4 {[%emt 0:06:42]} h5 {[%emt 0:02:17]} 9. h3 {[%emt 0:01:43]} Nh7 {[%emt 0:01:58]} 10. Be3 {[%emt 0:01:49]} h4 {[%emt 0:00:18]} 11. Bd3 {[%emt 0:03:48]} Bf6 {[%emt 0:03:24]} 12. Nd2 {[%emt 0:05:25]} Bg5 {[%emt 0:05:13]} 13. Nf1 {[%emt 0:05:57]} Na6 {[%emt 0:03:13]} 14. a3 {[%emt 0:02:23]} Bd7 {[%emt 0:02:15]} 15. Qd2 {[%emt 0:04:18]} Qf6 {[%emt 0:07:36]} 16. Kf2 {[%emt 0:11:41]} Rfb8 {[%emt 0:11:34]} 17. Nb5 {[%emt 0:14:16]} Bxb5 {[%emt 0:02:00]} 18. cxb5 {[%emt 0:00:02]} Nc7 {[%emt 0:00:09]} 19. Bxg5 {[%emt 0:05:02]} Nxg5 {[%emt 0:00:26]} 20. Qe3 {[%emt 0:00:13]} a6 {[%emt 0:02:14]} 21. b6 {[%emt 0:04:59]} Nb5 {[%emt 0:00:06]} 22. Nd2 {[%emt 0:00:31]} Nd4 {[%emt 0:01:38]} 23. Kg2 {[%emt 0:00:53]} a5 {[%emt 0:05:35]} 24. Rhf1 {[%emt 0:01:43]} Qf4 {[%emt 0:09:22]} 25. Qxf4 {[%emt 0:00:08]} exf4 {[%emt 0:00:04]} 26. a4 {[%emt 0:11:27]} f6 {[%emt 0:02:18]} 27. e5 {[%emt 0:03:45]} fxe5 {[%emt 0:02:36]} 28. Bxg6 {[%emt 0:00:16]} Kf8 {[%emt 0:02:50]} 29. Bd3 {[%emt 0:01:27]} Ke7 {[%emt 0:00:19]} 30. Rac1 {[%emt 0:02:20]} Kd7 {[%emt 0:01:33]} 31. Rfe1 {[%emt 0:03:01]} Ra6 {[%emt 0:03:22]} 32. Bxa6 {[%emt 0:04:22]} bxa6 {[%emt 0:00:01]} 33. Nc4 {[%emt 0:02:18]} Ngxf3 {[%emt 0:00:35]} 34. Rf1 {[%emt 0:03:04]} Ng5 {[%emt 0:00:35]} 35. Rc3 {[%emt 0:00:31]} Ne4 {[%emt 0:01:36]} 36. Rd3 {[%emt 0:02:28]} Nf6 {[%emt 0:00:34]} 37. Re1 {[%emt 0:00:35]} Nxd5 {[%emt 0:00:29]} 38. Nxe5+ {[%emt 0:00:31]} dxe5 {[%emt 0:00:16]} 39. Rxe5 {[%emt 0:00:01]} 0-1